000 00904nam a22002057a 4500
999 _c372188
_d372188
008 201127b ||||| |||| 00| 0 eng d
040 _aDE-2950
_bger
_cDE-2950
_erda
041 _ager
245 _aFrankfurter Folk-Festival ist wieder im Fluss.
_bKonzerte. Die 19. Ausgabe des Musikevents, das zu Jahresbeginn die Folkfreunde in die Oderstadt lockt, fand nach drei Jahren Pandemie wieder in bewährter Form statt. Fünf Bands an drei Abenden, dazu ein Tanz-Workshop, begeisterten das Publikum. /
_cRené Matschkowiak.
264 _c2023
653 _aFrankfurt (Oder)
653 _aFolk-Festival
653 _aFestival
653 _aKonzert
773 _dFrankfurt (Oder) Märkisches Verlags- und Druckhaus GmbH & Co KG
_tMärkische Oderzeitung
_g34. Jahrgang (2023) Nr. 25 vom 30.01.2023, S.14: Mit Foto
942 _cA